<?xml version="1.0" encoding="UTF-8"?>
<record
    xmlns:xsi="http://www.w3.org/2001/XMLSchema-instance"
    xsi:schemaLocation="http://www.loc.gov/MARC21/slim http://www.loc.gov/standards/marcxml/schema/MARC21slim.xsd"
    xmlns="http://www.loc.gov/MARC21/slim">

  <leader>01194nam a2200217 a 4500</leader>
  <controlfield tag="001">000004478</controlfield>
  <controlfield tag="005">20250829114600.0</controlfield>
  <controlfield tag="008">090723s2001    cu a    r     000 0 spa d</controlfield>
  <datafield tag="020" ind1=" " ind2=" ">
    <subfield code="a">9591101724</subfield>
  </datafield>
  <datafield tag="040" ind1=" " ind2=" ">
    <subfield code="a">DO-SdBNP</subfield>
    <subfield code="b">spa</subfield>
    <subfield code="c">BNPHU</subfield>
  </datafield>
  <datafield tag="082" ind1=" " ind2=" ">
    <subfield code="a">232.91</subfield>
    <subfield code="b">P853v</subfield>
  </datafield>
  <datafield tag="100" ind1="1" ind2=" ">
    <subfield code="a">Portuondo Z&#xFA;&#xF1;iga, Olga,</subfield>
    <subfield code="d">1944-</subfield>
    <subfield code="9">13095</subfield>
  </datafield>
  <datafield tag="245" ind1="1" ind2="3">
    <subfield code="a">La Virgen de la Caridad del Cobre :</subfield>
    <subfield code="b">s&#xED;mbolo de cuban&#xED;a /</subfield>
    <subfield code="c">Olga Portuondo Z&#xFA;&#xF1;iga ; pr&#xF3;logo Jorge Ibarra.</subfield>
  </datafield>
  <datafield tag="260" ind1=" " ind2=" ">
    <subfield code="a">Santiago de Cuba :</subfield>
    <subfield code="b">Oriente,</subfield>
    <subfield code="c">2001.</subfield>
  </datafield>
  <datafield tag="300" ind1=" " ind2=" ">
    <subfield code="a">338 p. :</subfield>
    <subfield code="b">il., retrs. ;</subfield>
    <subfield code="c">20 cm.</subfield>
  </datafield>
  <datafield tag="504" ind1=" " ind2=" ">
    <subfield code="a">Bibliograf&#xED;a: p. 315-338.</subfield>
  </datafield>
  <datafield tag="505" ind1="0" ind2=" ">
    <subfield code="a">Pr&#xF3;logo /</subfield>
    <subfield code="r">Jorge Ibarra --</subfield>
    <subfield code="t">Este es trabajo para el historiador --</subfield>
    <subfield code="t">El aborigen, el colonizador y la sant&#xED;sima virgen (1492-1598)</subfield>
    <subfield code="t">Una ermita revela sus secretos (1599-1647) --</subfield>
    <subfield code="t">El negrito de la Virgen (1648-1700) --</subfield>
    <subfield code="t">La magia develada del santuario (1701-1780) --</subfield>
    <subfield code="t">Venerada tierra de cobre (1781-1829) --</subfield>
    <subfield code="t">La Virgen dej&#xF3; las ferias... (1830-1899) --</subfield>
    <subfield code="t">Cachita la que honra Liborio (1900-1995) --</subfield>
    <subfield code="t">Anexos --</subfield>
    <subfield code="t">Bibliograf&#xED;a.</subfield>
  </datafield>
  <datafield tag="600" ind1="0" ind2="4">
    <subfield code="a">VIRGEN DE LA CARIDAD DEL COBRE</subfield>
    <subfield code="x">CULTO</subfield>
    <subfield code="z">CUBA</subfield>
    <subfield code="x">HISTORIA</subfield>
    <subfield code="9">13096</subfield>
  </datafield>
  <datafield tag="600" ind1="0" ind2="4">
    <subfield code="a">VIRGEN MAR&#xCD;A</subfield>
    <subfield code="x">CULTO</subfield>
    <subfield code="z">CUBA</subfield>
    <subfield code="9">13097</subfield>
  </datafield>
  <datafield tag="910" ind1=" " ind2=" ">
    <subfield code="a">Validado. Control de calidad EMS</subfield>
  </datafield>
  <datafield tag="952" ind1=" " ind2=" ">
    <subfield code="0">0</subfield>
    <subfield code="1">0</subfield>
    <subfield code="5">4</subfield>
    <subfield code="7">0</subfield>
    <subfield code="8">MO</subfield>
    <subfield code="a">GR</subfield>
    <subfield code="b">GR</subfield>
    <subfield code="c">HD</subfield>
    <subfield code="d">2009-07-23</subfield>
    <subfield code="i">LF1</subfield>
    <subfield code="l">0</subfield>
    <subfield code="o">232.91 P853v</subfield>
    <subfield code="p">4478-10</subfield>
    <subfield code="r">2020-06-25</subfield>
    <subfield code="w">2020-06-25</subfield>
    <subfield code="y">4</subfield>
    <subfield code="Z">Pr&#xE9;stamo en sala</subfield>
  </datafield>
  <datafield tag="999" ind1=" " ind2=" ">
    <subfield code="c">4287</subfield>
    <subfield code="d">4287</subfield>
  </datafield>
</record>
